| 000 | 00497nam a22001697a 4500 | ||
|---|---|---|---|
| 003 | PILC | ||
| 005 | 20150112093447.0 | ||
| 008 | 131017t xxu||||| |||| 00| 0 eng d | ||
| 020 | _a0131456342 | ||
| 050 |
_aHG 4026 _b.F491 2005 |
||
| 100 |
_aKeown, Arthur J. _921846 |
||
| 245 |
_aFinancial management : _bprinciples and applications / |
||
| 250 | _a10th ed. | ||
| 260 |
_aJurong, Singapore ; _bPearson Educationj South Asia Pte Ltd. _xyz2005. |
||
| 300 |
_a801 pages : _c27 cm. |
||
| 942 |
_2lcc _cBK |
||
| 999 |
_c14981 _d14981 |
||